[Event "12e Tournoi de Noël"]
[Site "Montigny le Bretonneux"]
[Date "2009.12.27"]
[Round "3.8"]
[White "Bouvier, Clement"]
[Black "San Marco, Jean"]
[Result "1-0"]
[WhiteElo "1776"]
[BlackElo "2008"]
[Annotator "Rivier,Sylvain"]
[PlyCount "71"]
[Source "La Dame Noire"]
[SourceDate "2009.01.01"]

{Ouverture irrégulière} 1. b4 e5 2. Bb2 Bxb4 3. f4 d6 4. Nf3 Nf6 5. fxe5 dxe5
6. Nxe5 O-O 7. e3 Be6 8. Be2 Nbd7 9. O-O Bd6 10. Nxd7 Nxd7 11. Qe1 Qe7 12. Nc3
c6 13. Ne4 Bc7 14. Ng3 Qd6 15. a4 Rfe8 16. Bd3 Ne5 17. Ne4 {#} Nf3+ 18. Rxf3
Qxh2+ 19. Kf1 Bg4 20. Qf2 Bxf3 21. Qxf3 Be5 22. Bxe5 Rxe5 23. Ke2 Qh5 24. Qxh5
Rxh5 25. Rf1 Rd8 26. Bc4 Rd7 27. Nd6 Rh4 28. Bxf7+ Rxf7 29. Rxf7 Rxa4 30. Rxb7
h6 31. Rc7 Ra6 32. Nc8 Ra2 33. Rxa7 Rxc2 34. Ne7+ Kh7 35. Nf5 Rc5 36. Nxg7 1-0

[Event "12e Tournoi de Noël"]
[Site "Montigny le Bretonneux"]
[Date "2009.12.27"]
[Round "3.9"]
[White "Baron, Romuald"]
[Black "Habunek, Patrick"]
[Result "1-0"]
[WhiteElo "1984"]
[BlackElo "1786"]
[Annotator "Rivier,Sylvain"]
[PlyCount "71"]
[Source "La Dame Noire"]
[SourceDate "2009.01.01"]

{Défense sicilienne, attaque Richter-Rauser} 1. e4 c5 2. Nf3 d6 3. d4 cxd4 4.
Nxd4 Nf6 5. Nc3 a6 6. Bg5 e6 7. Qd2 Be7 8. f3 Nc6 9. O-O-O h6 10. Be3 Bd7 11.
g4 Ne5 12. Be2 Rc8 13. h4 Nc4 14. Bxc4 Rxc4 15. g5 Ng8 16. f4 h5 17. g6 f6 {#}
18. f5 Qc8 19. Rhf1 Nh6 20. Bxh6 Rxh6 21. fxe6 Bxe6 22. Nf5 Rxg6 23. Nxe7 Kxe7
24. Qxd6+ Kf7 25. Qe5 Rc5 26. Rd5 Bxd5 27. exd5 Kg8 28. Qd6 Rg4 29. Re1 Qc7 30.
Qe6+ Qf7 31. Qe3 Rc8 32. d6 Rd8 33. Qb6 Rd7 34. Qc5 Qf8 35. Nd5 Rxd6 36. Ne7+
1-0

[Event "12e Tournoi de Noël"]
[Site "Montigny le Bretonneux"]
[Date "2009.12.27"]
[Round "3.10"]
[White "Clement-Demange, Bernard"]
[Black "Thomas, Vincent"]
[Result "0-1"]
[WhiteElo "1735"]
[BlackElo "1979"]
[Annotator "Rivier,Sylvain"]
[PlyCount "82"]
[Source "La Dame Noire"]
[SourceDate "2009.01.01"]

{Ouverture anglaise, variante Botvinnik} 1. c4 c5 2. Nc3 Nc6 3. g3 g6 4. Bg2
Bg7 5. e3 e5 6. Nge2 Nge7 7. Nd5 Nxd5 8. cxd5 Ne7 9. Qc2 d6 10. O-O O-O 11. b3
g5 12. e4 Bg4 13. f3 Bd7 14. d3 Ng6 15. Kh1 f5 16. Ng1 h5 17. Qd2 f4 18. Qf2
Qc8 19. Ne2 Kf7 20. h3 {#} Bxh3 21. gxf4 gxf4 22. Rg1 Bf6 23. Kh2 Bh4 24. Qf1
Bd7 25. Bd2 Rg8 26. Bh3 Bxh3 27. Qxh3 Qxh3+ 28. Kxh3 Bf2 29. Rg2 Be3 30. Bxe3
fxe3 31. f4 Nxf4+ 32. Nxf4 exf4 33. Rf1 Rxg2 34. Rxf4+ Ke7 35. Kxg2 e2 36. Kf2
Rf8 37. Rxf8 Kxf8 38. Kxe2 Kf7 39. Ke3 Kf6 40. d4 cxd4+ 41. Kxd4 h4 0-1

[Event "12e Tournoi de Noël"]
[Site "Montigny le Bretonneux"]
[Date "2009.12.27"]
[Round "3.11"]
[White "Msellek, Ilyass"]
[Black "Hurlot, Rodolphe"]
[Result "1-0"]
[WhiteElo "1973"]
[BlackElo "1745"]
[Annotator "Rivier,Sylvain"]
[PlyCount "58"]
[Source "La Dame Noire"]
[SourceDate "2009.01.01"]

{Défense française, variante Steinitz} 1. e4 e6 2. d4 d5 3. Nc3 Nf6 4. e5 Nfd7
5. f4 c5 6. Nf3 Nc6 7. Be3 cxd4 8. Nxd4 Nxd4 9. Bxd4 a6 10. Be2 b5 11. Bf3 Nb6
12. O-O Bd7 13. Ne2 Rc8 14. b3 Qc7 15. Be3 Bc5 16. Nd4 b4 17. Be2 a5 18. Bd3
Bc6 19. Kh1 Bxd4 20. Bxd4 Nd7 21. f5 O-O {#} 22. fxe6 fxe6 23. Qh5 g6 24. Bxg6
hxg6 25. Qxg6+ Kh8 26. Qh6+ Kg8 27. Qxe6+ Kh8 28. Qh6+ Kg8 29. e6 Nb8 1-0

[Event "12e Tournoi de Noël"]
[Site "Montigny le Bretonneux"]
[Date "2009.12.27"]
[Round "3.12"]
[White "Galopin, Gregory"]
[Black "Claisse, Patrick"]
[Result "0-1"]
[WhiteElo "1590"]
[BlackElo "1923"]
[Annotator "Rivier,Sylvain"]
[PlyCount "52"]
[Source "La Dame Noire"]
[SourceDate "2009.01.01"]

{Défense Grünfeld, variante fermée} 1. d4 Nf6 2. c4 g6 3. Nc3 d5 4. cxd5 Nxd5
5. Nxd5 Qxd5 6. e3 Bg7 7. Nf3 O-O 8. Be2 c5 9. O-O Nc6 10. Bb5 Rd8 11. Bxc6
bxc6 12. Qc2 cxd4 13. Nxd4 Bb7 14. Nb3 {#} c5 15. f3 c4 16. Nd2 Qd3 17. Qxd3
cxd3 18. Rb1 Rac8 19. Rd1 Rc2 20. a3 f5 21. b3 Ba6 22. b4 Bb5 23. Nb3 Bc3 24.
Bd2 Ba4 25. Nc5 Bxd2 26. Nxa4 Bxe3+ 0-1

[Event "12e Tournoi de Noël"]
[Site "Montigny le Bretonneux"]
[Date "2009.12.27"]
[Round "3.13"]
[White "Couradin, Bruno"]
[Black "Conq, Alain"]
[Result "0-1"]
[WhiteElo "1630"]
[BlackElo "1886"]
[Annotator "Rivier,Sylvain"]
[PlyCount "118"]
[Source "La Dame Noire"]
[SourceDate "2009.01.01"]

{Défense sicilienne, variante Löwenthal} 1. e4 c5 2. Nf3 Nc6 3. d4 cxd4 4. Nxd4
e5 5. Nb5 a6 6. Nd6+ Bxd6 7. Qxd6 Qf6 8. Qxf6 Nxf6 9. Nc3 d5 10. a3 dxe4 11.
Bg5 Bf5 12. Bxf6 gxf6 13. Nd5 Nd4 14. Nxf6+ Kf8 15. Rc1 e3 16. Bd3 exf2+ 17.
Kxf2 Kg7 18. Nd5 e4 19. Bc4 b5 20. Ba2 Bg6 {#} 21. Rhf1 f5 22. Ke3 Ne6 23. g3
Ng5 24. Nc7 Ra7 25. Ne6+ Kf6 26. Nxg5 Kxg5 27. Rf4 Rd8 28. Rcf1 Rc7 29. R1f2
Rd6 30. h4+ Kh5 31. Bb3 a5 32. a4 bxa4 33. Bxa4 Rd1 34. Ke2 Rg1 35. Rxf5+ Bxf5
36. Rxf5+ Kg4 37. Rg5+ Kh3 38. Kf2 Rg2+ 39. Ke1 Rxg3 40. Rxa5 Kxh4 41. Re5 Rg4
42. c3 e3 43. Be8 Rg1+ 44. Ke2 Rg2+ 45. Kf3 Rf2+ 46. Kxe3 Rxb2 47. Kd3 Rb3 48.
Re4+ Kg5 49. Rc4 Rxc4 50. Kxc4 Rb8 51. Bf7 h5 52. Kd4 h4 53. Be6 Kf4 54. c4
Rd8+ 55. Kc5 Ke5 56. Bg4 Rg8 57. Bf3 Rc8+ 58. Kb5 Kd4 59. Bd5 Rc5+ 0-1

[Event "12e Tournoi de Noël"]
[Site "Montigny le Bretonneux"]
[Date "2009.12.27"]
[Round "3.14"]
[White "Ferreira, Carlos"]
[Black "Verkarre, Sylvie"]
[Result "1/2-1/2"]
[WhiteElo "1872"]
[BlackElo "1520"]
[Annotator "Rivier,Sylvain"]
[PlyCount "83"]
[Source "La Dame Noire"]
[SourceDate "2009.01.01"]

{ouverture du pion roi} 1. e4 Nc6 2. d4 d5 3. e5 Bf5 4. c3 e6 5. Nf3 Be7 6. Be2
Nb8 7. O-O c5 8. Nbd2 Nc6 9. Nb3 c4 10. Nbd2 Qc7 11. Ne1 f6 12. f4 fxe5 13.
fxe5 O-O-O 14. b3 Na5 15. b4 Nc6 16. Ndf3 h5 17. a4 a5 18. b5 Na7 19. Ng5 Bxg5
20. Bxg5 Rf8 21. Bc1 b6 22. Ba3 Ne7 23. Qd2 Kb7 24. Bd6 Qd7 25. Nf3 Nac8 26.
Ba3 Rfg8 27. Ng5 Qe8 28. h4 Ng6 29. g3 Ka8 30. Rf2 Nf8 31. Raf1 Nh7 32. Kh2
Nxg5 33. Qxg5 Qd8 34. Qxd8 Rxd8 {#} 35. Rf4 Rdg8 36. g4 hxg4 37. Kg3 g5 38.
hxg5 Rh3+ 39. Kf2 Rxg5 40. Bb2 g3+ 41. Ke1 g2 42. Rg1 1/2-1/2

[Event "12e Tournoi de Noël"]
[Site "Montigny le Bretonneux"]
[Date "2009.12.27"]
[Round "3.15"]
[White "Branson, James"]
[Black "Appavou, Calixte"]
[Result "1/2-1/2"]
[WhiteElo "1674"]
[BlackElo "1894"]
[Annotator "Rivier,Sylvain"]
[PlyCount "115"]
[Source "La Dame Noire"]
[SourceDate "2009.01.01"]

{Gambit du roi, défense Abbazzia} 1. e4 e5 2. f4 d5 3. exd5 exf4 4. Be2 Nf6 5.
Nf3 Nxd5 6. c4 Nb6 7. d4 Bb4+ 8. Nc3 O-O 9. O-O Bg4 10. Bxf4 Be7 11. Qd3 Bf6
12. Rad1 c6 13. Be5 Bxe5 14. Nxe5 Bxe2 15. Qxe2 N8d7 16. b3 Qe8 17. Rf2 f6 18.
Nxd7 Qxd7 19. Qf3 Rfe8 20. d5 cxd5 21. Nxd5 Nxd5 22. Rxd5 Qe7 23. Rfd2 {#} Qe1+
24. Qf1 Qh4 25. g3 Qe4 26. R5d4 Qe6 27. Qf3 Qe1+ 28. Kg2 h6 29. Rd7 Re4 30.
Rd8+ Re8 31. Rxa8 Rxa8 32. Re2 Qb4 33. a3 Qxa3 34. Qxb7 Rd8 35. Re7 Qb2+ 36.
Kh3 f5 37. Qc7 Rf8 38. Qe5 Qxe5 39. Rxe5 Rb8 40. Re3 Kf7 41. Kg2 Kf6 42. Kf3 a5
43. h3 Rb4 44. c5 Rb5 45. Rc3 Ke7 46. c6 Kd8 47. c7+ Kc8 48. g4 g6 49. gxf5
gxf5 50. Kg3 h5 51. Rc4 Rb7 52. Rc3 Rb4 53. Kf3 h4 54. Kg2 Rb7 55. Rc5 Rxb3 56.
Rxa5 Rg3+ 57. Kh2 Kxc7 58. Rd5 1/2-1/2

[Event "12e Tournoi de Noël"]
[Site "Montigny le Bretonneux"]
[Date "2009.12.27"]
[Round "3.16"]
[White "Brisson, Pascal"]
[Black "Rodriguez, Jean-Pierre"]
[Result "1/2-1/2"]
[WhiteElo "1826"]
[BlackElo "1648"]
[Annotator "Rivier,Sylvain"]
[PlyCount "70"]
[Source "La Dame Noire"]
[SourceDate "2009.01.01"]

{Gambit dame} 1. d4 d5 2. c4 e6 3. Nc3 Nf6 4. cxd5 exd5 5. Bg5 Nbd7 6. Nxd5
Nxd5 7. Bxd8 Bb4+ 8. Qd2 Bxd2+ 9. Kxd2 Kxd8 10. e4 Nf4 11. g3 Ng6 12. Bc4 f6
13. Ne2 Nb6 14. Bb3 Bd7 15. h4 h5 16. Rhe1 Rf8 17. f4 Ne7 18. Nc3 c6 19. Rac1
Rc8 20. e5 fxe5 21. dxe5 Bf5 22. e6 Rf6 23. Re5 Ke8 24. Rce1 Rd8+ 25. Kc1 Rg6
26. R1e3 Nbd5 27. Nxd5 cxd5 28. Ba4+ Kf8 29. Bd7 Kg8 30. Kd2 Rf6 31. Ra3 Rb8
32. b4 b5 33. Rc3 a6 34. Rc7 Rb6 35. Bc8 Bxe6 {#} 1/2-1/2

[Event "12e Tournoi de Noël"]
[Site "Montigny le Bretonneux"]
[Date "2009.12.27"]
[Round "3.17"]
[White "Mourgues, Joelle"]
[Black "Bouloc, Roger"]
[Result "1-0"]
[WhiteElo "1792"]
[BlackElo "1460"]
[Annotator "Rivier,Sylvain"]
[PlyCount "91"]
[Source "La Dame Noire"]
[SourceDate "2009.01.01"]

{Ouverture du pion dame} 1. Nf3 d6 2. d4 Nf6 3. Bf4 e6 4. e3 Be7 5. h3 O-O 6.
Bd3 Nc6 7. c3 b6 8. Nbd2 Bb7 9. O-O a5 10. Rc1 d5 11. Bb1 Bd6 12. Ne5 Ne7 13.
c4 c5 14. Ndf3 {#} cxd4 15. Nxd4 Rc8 16. Bd3 dxc4 17. Bxc4 Bxe5 18. Bxe5 Ng6
19. Bg3 Ne4 20. Nxe6 Qxd1 21. Rfxd1 Rfe8 22. Nd4 h6 23. Nf5 Rf8 24. Bd6 Nxd6
25. Nxd6 Rb8 26. Nxf7 Rxf7 27. Rd7 Ne5 28. Bxf7+ Nxf7 29. Rcc7 Nd8 30. Rxg7+
Kf8 31. Rh7 Kg8 32. Rxh6 Be4 33. f3 Bb1 34. a3 Ba2 35. e4 Ne6 36. Rc6 Kf7 37.
Kf2 b5 38. Ke3 b4 39. a4 Ra8 40. f4 Bb3 41. g4 Bxa4 42. Rcxe6 Bb3 43. Rhf6+ Kg7
44. Rd6 Ra6 45. Rxa6 a4 46. Kd4 1-0

[Event "12e Tournoi de Noël"]
[Site "Montigny le Bretonneux"]
[Date "2009.12.27"]
[Round "3.18"]
[White "Guillot, Alain"]
[Black "Canto, Jean-Louis"]
[Result "1/2-1/2"]
[WhiteElo "1759"]
[BlackElo "1610"]
[Annotator "Rivier,Sylvain"]
[PlyCount "52"]
[Source "La Dame Noire"]
[SourceDate "2009.01.01"]

{Ouverture anglaise, variante symétrique} 1. c4 c5 2. Nc3 Nf6 3. Nf3 Nc6 4. d4
cxd4 5. Nxd4 d6 6. e3 e6 7. Be2 Be7 8. O-O a6 9. b3 Bd7 10. Bf3 Rc8 11. Bb2 O-O
12. Re1 Re8 13. e4 Ne5 14. Be2 Qb6 15. Nf3 Nxf3+ 16. Bxf3 e5 17. Rc1 Red8 18.
Qe2 Qa7 19. Rcd1 Qb8 20. Bc1 b5 21. Nd5 Nxd5 22. cxd5 Rc7 23. Bb2 Bg5 24. Bc1
Bxc1 25. Rxc1 Rdc8 26. Qd2 Rxc1 {#} 1/2-1/2

[Event "12e Tournoi de Noël"]
[Site "Montigny le Bretonneux"]
[Date "2009.12.27"]
[Round "3.19"]
[White "Vallobra, Thierry"]
[Black "Jean, Robert"]
[Result "0-1"]
[WhiteElo "1420"]
[BlackElo "1809"]
[Annotator "Rivier,Sylvain"]
[PlyCount "20"]
[Source "La Dame Noire"]
[SourceDate "2009.01.01"]

{Défense est-indienne} 1. d4 Nf6 2. c4 g6 3. Nc3 Bg7 4. e4 d6 5. Nf3 O-O 6. Be3
Nbd7 7. Qd2 Ng4 8. Bf4 e5 {#} 9. dxe5 Ndxe5 10. Bh6 Nxf3+ 0-1

[Event "12e Tournoi de Noël"]
[Site "Montigny le Bretonneux"]
[Date "2009.12.27"]
[Round "3.20"]
[White "Miolane, Tom"]
[Black "Couronne, Patrice"]
[Result "0-1"]
[WhiteElo "1340"]
[BlackElo "1768"]
[Annotator "Rivier,Sylvain"]
[PlyCount "84"]
[Source "La Dame Noire"]
[SourceDate "2009.01.01"]

{Défense est-indienne} 1. d4 Nf6 2. c4 d6 3. Nc3 g6 4. Nf3 Bg7 5. e3 O-O 6. Bd3
Re8 7. O-O Nbd7 8. Bd2 e5 9. Qc2 b6 10. Rfe1 Bb7 11. d5 Nc5 12. e4 Nxd3 13.
Qxd3 Bc8 14. Bg5 Qd7 15. h3 Nh5 16. Ne2 f5 17. Ng3 Nxg3 18. fxg3 Qf7 19. Qe3
fxe4 20. Qxe4 Bf5 21. Qe3 c5 22. g4 {#} Bxg4 23. hxg4 e4 24. Nd2 Bd4 25. Kh1
Bxe3 26. Rxe3 Qd7 27. Rg3 Qg7 28. Rb1 Qd4 29. Be3 Qe5 30. Kh2 Rf8 31. b3 g5 32.
Kh3 Rf6 33. Kh2 Rh6+ 34. Kg1 Qxg3 35. Bf2 Qxg4 36. Nf1 Rf8 37. Ne3 Qh5 38. Kf1
Qh1+ 39. Ke2 Qxb1 40. g4 Qd3+ 41. Ke1 Rh1+ 42. Nf1 Rxf1# 0-1

[Event "12e Tournoi de Noël"]
[Site "Montigny le Bretonneux"]
[Date "2009.12.27"]
[Round "3.21"]
[White "Mongey, Kilian"]
[Black "Mauron, Regis"]
[Result "1-0"]
[WhiteElo "1670"]
[BlackElo "1585"]
[Annotator "Rivier,Sylvain"]
[PlyCount "81"]
[Source "La Dame Noire"]
[SourceDate "2009.01.01"]

{Gambit dame accepté} 1. d4 d5 2. c4 dxc4 3. Nc3 a6 4. e3 Nf6 5. Bxc4 b5 6. Bd3
Bb7 7. Nf3 e6 8. Qe2 c5 9. dxc5 Bxc5 10. Bxb5+ Nbd7 11. Ba4 O-O 12. O-O Bxf3
13. Qxf3 Ne5 14. Qe2 Qb8 15. b3 Neg4 16. g3 Qe5 17. Qc4 Qh5 18. h4 Rfc8 19. Qd3
Ne5 20. Qe2 Qf5 21. Bb2 Qh3 22. f3 Qxg3+ 23. Kh1 Qxh4+ 24. Kg2 Qg5+ 25. Kf2
Qh4+ 26. Kg2 Nh5 27. Ne4 {#} Qe7 28. Bxe5 Qa7 29. Nxc5 Qxc5 30. f4 Qd5+ 31. Qf3
Qxf3+ 32. Kxf3 f6 33. Bd4 Kf7 34. Rac1 Rd8 35. b4 g6 36. Rc7+ Kg8 37. Bb3 Ng7
38. Bxf6 Nf5 39. Bxe6+ Kf8 40. Bxd8 Rxd8 41. Bxf5 1-0

[Event "12e Tournoi de Noël"]
[Site "Montigny le Bretonneux"]
[Date "2009.12.27"]
[Round "3.22"]
[White "Mongey, Alain"]
[Black "Brisson, Michele"]
[Result "1-0"]
[WhiteElo "1613"]
[BlackElo "1290"]
[Annotator "Rivier,Sylvain"]
[PlyCount "63"]
[Source "La Dame Noire"]
[SourceDate "2009.01.01"]

{Défense nimzo-indienne, système Rubinstein} 1. d4 d5 2. c4 e6 3. Nf3 Nc6 4. e3
Nf6 5. Nc3 Bb4 6. a3 Bxc3+ 7. bxc3 O-O 8. Bd3 Re8 9. O-O b6 10. Re1 e5 11. Nd2
Bb7 12. Qc2 exd4 13. cxd4 Nxd4 14. Qc3 Ne6 15. Bb2 c5 16. Qc2 dxc4 17. Nxc4 h6
{#} 18. Bxf6 Qxf6 19. Nd6 Re7 20. Nxb7 Rxb7 21. Be4 Rab8 22. Bxb7 Rxb7 23. Rad1
a6 24. Qe4 Rb8 25. Qa4 Ra8 26. Rd7 b5 27. Qe4 c4 28. Qxa8+ Nf8 29. Rd8 Qe7 30.
Red1 Qxa3 31. Rxf8+ Qxf8 32. Rd8 1-0

[Event "12e Tournoi de Noël"]
[Site "Montigny le Bretonneux"]
[Date "2009.12.28"]
[Round "4.1"]
[White "Guliyev, Namig"]
[Black "Martsynovskaya, Marina"]
[Result "1/2-1/2"]
[WhiteElo "2514"]
[BlackElo "2204"]
[Annotator "Rivier,Sylvain"]
[PlyCount "22"]
[Source "La Dame Noire"]
[SourceDate "2009.01.01"]

{Défense française, variante Winaver} 1. e4 e6 2. d4 d5 3. Nc3 Bb4 4. e5 c5 5.
a3 Bxc3+ 6. bxc3 Ne7 7. Nf3 b6 8. Bb5+ Bd7 9. Bxd7+ Qxd7 10. a4 Nbc6 11. O-O
O-O {#} 1/2-1/2

[Event "12e Tournoi de Noël"]
[Site "Montigny le Bretonneux"]
[Date "2009.12.28"]
[Round "4.2"]
[White "Etrog, Jonathan"]
[Black "Ider, Borya"]
[Result "1/2-1/2"]
[WhiteElo "2178"]
[BlackElo "2276"]
[Annotator "Rivier,Sylvain"]
[PlyCount "94"]
[Source "La Dame Noire"]
[SourceDate "2009.01.01"]

{Ouverture anglaise, variante sicilienne fermée inversée} 1. c4 e5 2. g3 Nc6 3.
Nc3 g6 4. Bg2 Bg7 5. e4 d6 6. Nge2 Be6 7. Nd5 Qd7 8. d3 h6 9. Rb1 Nge7 10. b4
Nd8 11. d4 c6 12. Ne3 Bh3 13. Bxh3 Qxh3 14. d5 cxd5 15. Qa4+ Qd7 16. Qxd7+ Kxd7
17. cxd5 f5 18. f3 Nf7 19. O-O fxe4 20. fxe4 Ng5 21. Nc3 Rhf8 22. Bb2 {#} Nf3+
23. Kg2 Nd4 24. Rxf8 Rxf8 25. Rf1 h5 26. Rxf8 Bxf8 27. Kf2 Bh6 28. Nc4 Ng8 29.
b5 Nf6 30. h3 Kc7 31. Ba3 Ne8 32. Bb2 Bg5 33. Ba3 Kd7 34. Kg2 Nc2 35. Bb2 Ne3+
36. Nxe3 Bxe3 37. Nb1 Kc7 38. Na3 Bc5 39. Nc4 a6 40. a4 axb5 41. axb5 Kd7 42.
b6 Ke7 43. Kf3 Nf6 44. Bc3 Nd7 45. Ba5 Kf6 46. Ke2 g5 47. Kf3 Kg6 1/2-1/2

[Event "12e Tournoi de Noël"]
[Site "Montigny le Bretonneux"]
[Date "2009.12.28"]
[Round "4.3"]
[White "Stroppa, Daniel"]
[Black "Fruchard, Cyrille"]
[Result "1-0"]
[WhiteElo "2208"]
[BlackElo "1660"]
[Annotator "Rivier,Sylvain"]
[PlyCount "43"]
[Source "La Dame Noire"]
[SourceDate "2009.01.01"]

{Partie espagnole, variante Cordel} 1. e4 e5 2. Bb5 Nc6 3. c3 Bc5 4. Nf3 d6 5.
O-O Bg4 6. d4 Bxf3 7. gxf3 exd4 8. cxd4 Bb4 {#} 9. Qa4 Nge7 10. Qxb4 O-O 11.
Bxc6 Nxc6 12. Qc3 f5 13. d5 Ne5 14. f4 Ng4 15. f3 Nxh2 16. Rf2 Ng4 17. fxg4
fxg4 18. Qg3 h5 19. Nc3 Qe7 20. Be3 g6 21. Raf1 b5 22. f5 1-0

[Event "12e Tournoi de Noël"]
[Site "Montigny le Bretonneux"]
[Date "2009.12.28"]
[Round "4.4"]
[White "Claisse, Patrick"]
[Black "Goulenok, Eric"]
[Result "0-1"]
[WhiteElo "1923"]
[BlackElo "2177"]
[Annotator "Rivier,Sylvain"]
[PlyCount "64"]
[Source "La Dame Noire"]
[SourceDate "2009.01.01"]

{Défense sicilienne, variante Löwenthal} 1. e4 c5 2. Nf3 Nc6 3. d4 cxd4 4. Nxd4
e5 5. Nb5 d6 6. c4 f5 7. N1c3 a6 8. Na3 Nf6 9. Bd3 f4 10. Nd5 Be7 11. g3 O-O
12. gxf4 exf4 13. Nxf4 Ng4 14. h3 {#} Nxf2 15. Kxf2 Bh4+ 16. Kf1 Qb6 17. c5
Qxc5 18. Qc2 Qg5 19. Bc4+ Kh8 20. Qg2 Bg3 21. Kg1 Qc5+ 22. Kf1 Bxf4 23. Bxf4
Rxf4+ 24. Ke1 Qe3+ 25. Qe2 Qg3+ 26. Kd1 Ne5 27. Qh5 Bd7 28. Kd2 Nxc4+ 29. Nxc4
Qg2+ 30. Kc3 Rf3+ 31. Kb4 a5+ 32. Nxa5 Qxb2+ 0-1

[Event "12e Tournoi de Noël"]
[Site "Montigny le Bretonneux"]
[Date "2009.12.28"]
[Round "4.5"]
[White "Riazuelo, Gilles"]
[Black "Beaufils, Philippe"]
[Result "1-0"]
[WhiteElo "2102"]
[BlackElo "1835"]
[Annotator "Rivier,Sylvain"]
[PlyCount "89"]
[Source "La Dame Noire"]
[SourceDate "2009.01.01"]

{Défense des deux cavaliers} 1. e4 e5 2. Nf3 Nc6 3. Bc4 Nf6 4. d4 exd4 5. e5
Ng4 6. O-O Bc5 7. c3 d5 8. exd6 O-O 9. h3 {#} Nge5 10. Nxe5 Nxe5 11. cxd4 Nxc4
12. dxc5 cxd6 13. Qd4 Ne5 14. cxd6 Re8 15. Bf4 f6 16. Nd2 Nc6 17. Qd3 Qb6 18.
d7 Bxd7 19. Qxd7 Rad8 20. Qg4 f5 21. Qg5 Nd4 22. Be3 Ne2+ 23. Kh1 Rxe3 24. Qxe3
Qxe3 25. fxe3 Rxd2 26. Rfd1 Rxb2 27. Rab1 Rxb1 28. Rxb1 Nc3 29. Rxb7 Nxa2 30.
Rxa7 Nc3 31. Rd7 Ne4 32. Kg1 h5 33. Kf1 Kh7 34. Ke2 Nf6 35. Ra7 Kh6 36. Kf3 h4
37. Kf4 g6 38. Ra5 Nh5+ 39. Ke5 Kg5 40. Ra4 Ng3 41. Rf4 Ne2 42. Rb4 Ng3 43. Ke6
Ne2 44. Kf7 f4 45. e4 1-0

[Event "12e Tournoi de Noël"]
[Site "Montigny le Bretonneux"]
[Date "2009.12.28"]
[Round "4.6"]
[White "Conq, Alain"]
[Black "Vallobra, Pierre"]
[Result "0-1"]
[WhiteElo "1886"]
[BlackElo "2055"]
[Annotator "Rivier,Sylvain"]
[PlyCount "36"]
[Source "La Dame Noire"]
[SourceDate "2009.01.01"]

{Ouverture du pion dame, défense est-indienne} 1. d4 Nf6 2. Nf3 g6 3. Bf4 Bg7
4. Nbd2 d6 5. e4 Nfd7 6. Nc4 c5 7. c3 cxd4 8. cxd4 O-O 9. Qb3 a6 10. a4 Nc6 {#}
11. d5 Nc5 12. Qa3 Nd4 13. Nxd4 Bxd4 14. Rd1 Bg7 15. Nd2 Qa5 16. b3 Nxe4 17. b4
Qxd5 18. Bc4 Qf5 0-1

[Event "12e Tournoi de Noël"]
[Site "Montigny le Bretonneux"]
[Date "2009.12.28"]
[Round "4.7"]
[White "Fayolle, Guy"]
[Black "Baron, Romuald"]
[Result "1-0"]
[WhiteElo "1842"]
[BlackElo "1984"]
[Annotator "Rivier,Sylvain"]
[PlyCount "97"]
[Source "La Dame Noire"]
[SourceDate "2009.01.01"]

{Défense sicilienne, attaque Sozin} 1. e4 c5 2. Nf3 d6 3. d4 cxd4 4. Nxd4 Nf6
5. Nc3 a6 6. Bc4 e6 7. Be3 Nc6 8. Bb3 Be7 9. Nxc6 bxc6 10. g4 Qa5 11. Bd2 Qe5
12. f4 Qd4 13. Qe2 d5 14. Be3 Qb4 15. a3 Qa5 16. Bd2 Qc7 17. g5 Nxe4 18. Nxe4
dxe4 19. Qxe4 Bb7 20. Rf1 O-O-O 21. O-O-O c5 22. Qa4 Rd4 23. Qa5 Qc6 24. Qc3
Rhd8 25. Bc4 Qg2 26. h4 Qh2 27. f5 Qxh4 28. Bd3 c4 29. fxe6 fxe6 30. Rg1 Kb8
31. Be2 e5 32. Qe3 Qf4 33. Qxf4 exf4 {#} 34. c3 Re4 35. Bf3 Re6 36. Bxf4+ Ka8
37. Rxd8+ Bxd8 38. Bxb7+ Kxb7 39. Rh1 Rg6 40. Rxh7 Bxg5 41. Bxg5 Rxg5 42. Rh4
Rc5 43. Kd2 Kb6 44. Rg4 g5 45. Ke3 Kb5 46. Kd4 a5 47. a4+ Kc6 48. Re4 Kd6 49.
Re8 1-0

[Event "12e Tournoi de Noël"]
[Site "Montigny le Bretonneux"]
[Date "2009.12.28"]
[Round "4.8"]
[White "Thomas, Vincent"]
[Black "Kuhar, Carl"]
[Result "1-0"]
[WhiteElo "1979"]
[BlackElo "1787"]
[Annotator "Rivier,Sylvain"]
[PlyCount "103"]
[Source "La Dame Noire"]
[SourceDate "2009.01.01"]

{Défense est-indienne, variante du fianchetto} 1. c4 Nf6 2. d4 g6 3. g3 Bg7 4.
Bg2 c6 5. e4 d6 6. Nc3 O-O 7. Nf3 Re8 8. O-O Nbd7 9. h3 Nb6 10. b3 a5 11. Qe2
Nfd7 12. Be3 c5 13. Rac1 a4 14. Rfd1 axb3 15. axb3 cxd4 16. Nxd4 Nc5 17. Rb1
Bd7 18. Nd5 Nxd5 19. exd5 Ra3 20. Nc6 {#} bxc6 21. Bxc5 Ra6 22. dxc6 Bxc6 23.
Bxc6 Rxc6 24. Bd4 Bxd4 25. Rxd4 Qb6 26. Rd5 Rc5 27. Qe3 e6 28. Rxc5 Qxc5 29.
Qxc5 dxc5 30. b4 cxb4 31. Rxb4 f5 32. Kf1 Kf7 33. Ke2 h6 34. Kd3 Kf6 35. Rb6
Rd8+ 36. Kc3 g5 37. c5 h5 38. Rd6 Rc8 39. Kc4 Ke5 40. Rd3 f4 41. g4 hxg4 42.
hxg4 Kf6 43. f3 Ke7 44. Kb5 Rb8+ 45. Ka6 e5 46. c6 e4 47. fxe4 f3 48. c7 Rc8
49. Kb7 f2 50. Rf3 Kd7 51. Rf7+ Ke6 52. Rxf2 1-0

[Event "12e Tournoi de Noël"]
[Site "Montigny le Bretonneux"]
[Date "2009.12.28"]
[Round "4.9"]
[White "Bouvier, Clement"]
[Black "Msellek, Ilyass"]
[Result "1/2-1/2"]
[WhiteElo "1776"]
[BlackElo "1973"]
[Annotator "Rivier,Sylvain"]
[PlyCount "115"]
[Source "La Dame Noire"]
[SourceDate "2009.01.01"]

{Ouverture du pion dame, défense est-indienne avec fianchetto} 1. d4 Nf6 2. Nf3
g6 3. g3 Bg7 4. Bg2 O-O 5. O-O d6 6. b3 Nbd7 7. Bb2 c6 8. Nbd2 Qc7 9. c4 b6 10.
d5 Bb7 11. e4 Rae8 12. Rb1 e5 13. Nh4 c5 14. a3 Rc8 15. Qe2 Qd8 16. Bh3 Rb8 17.
Ng2 Ne8 18. Ne3 Bc8 19. Bc1 Ndf6 20. Bg2 Nh5 21. Nf3 Nc7 22. a4 Qe8 23. Nh4 f6
24. Bf3 Bh6 25. Bxh5 gxh5 26. Nef5 Bxf5 27. Nxf5 Bxc1 28. Rbxc1 Rd8 29. f4 Kh8
30. Rf2 Qg6 31. Rcf1 Ne8 32. fxe5 dxe5 33. Kh1 Ng7 34. Nxg7 Kxg7 35. Rf5 Qg4
36. Qd3 Rd6 37. Qc2 a5 38. Qg2 Rd7 39. h3 Qg6 40. Qf3 Rdf7 {#} 41. Rxh5 Re7 42.
Rh4 Kh8 43. Rg4 Qh6 44. Kh2 Ref7 45. Qd3 Rd7 46. Rf5 Rd6 47. Rh4 Qg6 48. Qe3
Rd7 49. Rg4 Qe8 50. Qh6 Rdf7 51. Rh4 Qe7 52. Qd2 Qd6 53. Qf2 Rg7 54. g4 Kg8 55.
Rh6 Rg6 56. Qh4 Qe7 57. Kg2 Qg7 58. Rhh5 1/2-1/2

[Event "12e Tournoi de Noël"]
[Site "Montigny le Bretonneux"]
[Date "2009.12.28"]
[Round "4.10"]
[White "Mourgues, Joelle"]
[Black "Ferreira, Carlos"]
[Result "0-1"]
[WhiteElo "1792"]
[BlackElo "1872"]
[Annotator "Rivier,Sylvain"]
[PlyCount "64"]
[Source "La Dame Noire"]
[SourceDate "2009.01.01"]

{Défense française} 1. Nf3 c5 2. g3 Nf6 3. Bg2 e6 4. d3 d5 5. Nbd2 Be7 6. O-O
O-O 7. c3 Nc6 8. e4 dxe4 9. dxe4 Qc7 10. Qe2 b6 11. Rd1 Bb7 12. Ne1 Rad8 13.
Nc2 Rd7 14. Ne3 Rfd8 15. f4 Nb8 16. a4 Ba6 17. c4 Nc6 18. Ra3 Nd4 19. Qf2 Bb7
20. h3 Bc6 21. b3 Qb7 22. e5 Ne4 23. Nxe4 Bxe4 24. Bxe4 Qxe4 25. Rf1 {#} Nc6
26. Qf3 Qxf3 27. Rxf3 Rd3 28. Rf2 Nd4 29. Rfa2 Nxb3 30. Bd2 Nxd2 31. Nd5 exd5
32. Rxd2 dxc4 0-1